Learn about the red salamander, which is found throughout much of the Eastern United States /

The red salamander (Pseudotriton ruber) is found through much of the eastern United States.

Bibliographic Details
Other Authors: Rafferty, John P. (Narrator), Skordilis, Tianna (Director)
Format: Video
Language:English
Language Notes:In English.
Published: Chicago, IL : Encyclopedia Britannica, 2018.
Series:Academic Video Online
Subjects:
Online Access:Connect to this streaming video (Alexander Street Press)

MARC

Tag First Indicator Second Indicator Subfields
LEADER 00000cgm a2200000Mi 4500
001 in00005580721
006 m o c
007 cr |n||||||||a
007 vz |za|z|
008 211006s2018 ilu002 e o vneng d
005 20241201232626.0
035 |a (OCoLC)on1285136057 
040 |a ALSTP  |b eng  |e rda  |c ALSTP  |d INT  |d OCLCF  |d OCLCO  |d NUI  |d OCLCO 
019 |a 1287597017  |a 1373470537  |a 1430881940  |a 1444010748 
035 |a (OCoLC)1285136057  |z (OCoLC)1287597017  |z (OCoLC)1373470537  |z (OCoLC)1430881940  |z (OCoLC)1444010748 
049 |a TXAM 
245 0 0 |a Learn about the red salamander, which is found throughout much of the Eastern United States /  |c [John P. Rafferty, narrator] ; [Tianna Skordilis, director]. 
264 1 |a Chicago, IL :  |b Encyclopedia Britannica,  |c 2018. 
300 |a 1 online resource (2 minutes) 
306 |a 000147 
336 |a two-dimensional moving image  |b tdi  |2 rdacontent 
337 |a computer  |b c  |2 rdamedia 
337 |a video  |b v  |2 rdamedia 
338 |a online resource  |b cr  |2 rdacarrier 
347 |a video file  |2 rda 
490 0 |a Academic Video Online 
500 |a Title from resource description page (viewed October 13, 2021). 
520 |a The red salamander (Pseudotriton ruber) is found through much of the eastern United States. 
546 |a In English. 
650 0 |a Red salamander  |z East (U.S.) 
650 0 |a Amphibians  |z East (U.S.) 
650 0 |a Zoology  |x Study and teaching. 
650 6 |a Zoologie  |x Étude et enseignement. 
650 7 |a Amphibians  |2 fast 
650 7 |a Red salamander  |2 fast 
650 7 |a Zoology  |x Study and teaching  |2 fast 
651 7 |a East United States  |2 fast 
655 2 |a Documentaries and Factual Films 
655 7 |a documentary film.  |2 aat 
655 7 |a Documentary films  |2 fast 
655 7 |a Educational films  |2 fast 
655 7 |a Short films  |2 fast 
655 7 |a Educational films.  |2 lcgft 
655 7 |a Documentary films.  |2 lcgft 
655 7 |a Short films.  |2 lcgft 
655 7 |a Films éducatifs.  |2 rvmgf 
655 7 |a Documentaires.  |2 rvmgf 
655 7 |a Courts métrages.  |2 rvmgf 
700 1 |a Rafferty, John P.,  |e narrator. 
700 1 |a Skordilis, Tianna,  |e director. 
710 2 |a Encyclopaedia Britannica, Inc.,  |e publisher. 
856 4 0 |u http://proxy.library.tamu.edu/login?url=https://www.aspresolver.com/aspresolver.asp?MARC;5135627  |z Connect to this streaming video (Alexander Street Press)  |t 0 
955 |a Alexander Street Press subscription streaming video 
994 |a 92  |b TXA 
999 f f |s 1bbaa72c-b988-41a7-8432-779b44f1754a  |i 3b8a9dac-1c66-4cbc-bec4-7b6f3fc6ea56  |t 0 
952 f f |a Texas A&M University  |b College Station  |c Electronic Resources  |d Available Online  |t 0  |h Library of Congress classification 
998 f f |t 0  |l Available Online